Top 10 - Buteurs en Ligue 1 saison 18/19 - Statistiques

Statistiques générales
  • Ce quiz a été pris 59 fois
  • Le résultat moyen est 7 sur 10
Statistiques - réponses
Club Buts Joueur % Correct
Paris Saint-Germain 33 Kylian Mbappé
100%
Paris Saint-Germain 18 Edinson Cavani
98%
Paris Saint-Germain 15 Neymar
91%
Olympique de Marseille 16 Florian Thauvin
70%
Olympique Lyonnais 15 Moussa Dembélé
58%
Lille OSC 22 Nicolas Pépé
58%
AS Monaco 15 Radamel Falcao
58%
Montpellier HSC 14 Andy Delort
53%
Lille OSC 13 Jonathan Bamba
36%
AS Saint-Etienne 13 Wahbi Khazri
34%
Aucun quiz correspondant
Distribution des résultats
% des personnes avec chaque résultat
Percentile par nombre de réponses
Votre historique - résultats
Vous n’avez pas pris ce quiz